000 00418nam a2200169 a 4500
005 20140310183437.0
008 080304s19uu xx 00 eng d
020 _a0553573691
050 _aPZ 4
_b.F288 2003
100 _aFeather, Jane
245 _aVenus.
_cJane Feather
260 _aNew York :
_bBantam Books,
_c2003.
300 _a371 p. :
_c18 cm.
650 _aFiction.
942 _cBK
_2lcc
999 _c22946
_d22946